Yoga Education/ (Record no. 209436)

MARC details
000 -LEADER
fixed length control field 00617nam a22002057a 4500
005 - DATE AND TIME OF LATEST TRANSACTION
control field 20250501120200.0
010 ## - LCCN (DPL NO)
LC control number ENG-144779
020 ## - INTERNATIONAL STANDARD BOOK NUMBER
Terms of availability 500.00
International Standard Book Number 9789387363939
035 ## - SYSTEM CONTROL NUMBER
System control number EN-128311
037 ## - SOURCE OF ACQUISITION
Source of stock number/acquisition Akansha
082 ## - DEWEY DECIMAL CLASSIFICATION NUMBER
Classification number 181.45
100 ## - MAIN ENTRY--PERSONAL NAME
Personal name Bhargava, Guneet Monga
245 ## - TITLE STATEMENT
Title Yoga Education/
Statement of responsibility, etc Guneet Monga Bhargava
250 ## - EDITION STATEMENT
Edition statement 1
260 ## - PUBLICATION, DISTRIBUTION, ETC. (IMPRINT)
Place of publication, distribution, etc New Delhi
Name of publisher, distributor, etc Sports Publication
Date of publication, distribution, etc 2025
270 ## - ADDRESS
Address 7/26,Ground floor, Ansari Road, Daryaganj,
City New Delhi
Postal code 110002
300 ## - PHYSICAL DESCRIPTION
Extent 312p.:
Dimensions 24cm(pb)
Other physical details ill.
500 ## - GENERAL NOTE
General note B.P.Ed. New Syllabus
942 ## - ADDED ENTRY ELEMENTS (KOHA)
Source of classification or shelving scheme Dewey Decimal Classification
Item type English Books
Call number suffix BHA
Edition 1
Classification part 181.45
Holdings
Withdrawn status Lost status Not for loan Collection code Home library Current library Date acquired Source of acquisition Cost, normal purchase price Full call number Barcode Copy number Cost, replacement price Koha item type
      Non-fiction Patel Nagar Patel Nagar 01/05/2025 Delivery of Books Act Division 500.00 BHA 181.45 EN-128311 1 500.00 English Books

© Delhi Public Library
Hit Counter
free hit counter